| 000 | 00335nam a2200109 4500 | ||
|---|---|---|---|
| 999 |
_c10037 _d10037 |
||
| 008 | 180726b ||||| |||| 00| 0 eng d | ||
| 245 | _aViolence erupts amid conflicting stories on black man's killing. | ||
| 260 |
_aPhilippines _bPhilippine Daily Inquirer _cc2016 |
||
| 300 | _apage A21. | ||
| 650 | 0 |
_929645 _aViolence. |
|
| 942 |
_2ddc _cPER |
||